| Tag |
First Indicator |
Second Indicator |
Subfields |
| LEADER |
00000cam a2200000 i 4500 |
| 001 |
in00004719821 |
| 003 |
OCoLC |
| 005 |
20230518192406.4 |
| 008 |
230213t20222022enkaf 000 0 eng d |
| 035 |
|
|
|a (OCoLC)1371896718
|
| 040 |
|
|
|a YDX
|e rda
|c YDX
|d IBI
|d BDX
|
| 020 |
|
|
|a 9781906367947
|q paperback
|
| 020 |
|
|
|a 1906367949
|q paperback
|
| 043 |
|
|
|a zma----
|
| 050 |
|
4 |
|a QB641
|b .S545 2022
|
| 082 |
0 |
|
|a 523.43
|2 23/eng/20230212
|
| 100 |
1 |
|
|a Skelton, Patricia Leigh,
|e author.
|
| 245 |
1 |
0 |
|a Mars /
|c Patricia Skelton.
|
| 264 |
|
1 |
|a London :
|b Royal Museums Greenwich,
|c [2022].
|
| 264 |
|
4 |
|c ©2022.
|
| 300 |
|
|
|a 122 pages, [8] pages of color plates :
|b illustrations ;
|c 18 cm.
|
| 336 |
|
|
|a text
|b txt
|2 rdacontent
|
| 336 |
|
|
|a still image
|b sti
|2 rdacontent
|
| 337 |
|
|
|a unmediated
|b n
|2 rdamedia
|
| 338 |
|
|
|a volume
|b nc
|2 rdacarrier
|
| 490 |
1 |
|
|a Royal Observatory Greenwich illuminates
|
| 505 |
0 |
|
|a How do you solve a problem like Mars' orbit? -- Invaded by Mars -- Is there life on Mars? -- The next generation -- Seven minutes of terror -- Rocky III vs. Rocky IV -- Dare mighty things.
|
| 520 |
|
|
|a As one of the five planets that can be seen in the night sky without the aid of a telescope, Mars has been a source of fascination for millennia. What is it about this dusty, dry world that has captured our imaginations so completely? Astronomer Patricia Skleton investigates our relationship with Mars, beginning with the earliest observations and the curious conundrums they generated and ending with our ambitious plans for future space missions. She explores how is helped solve the mysteries of planetary motion, sparked furious debates about the possibility of other life in the solar system, became an early target of space exploration and has since been a testing ground for remarkable new technologies.
|
| 651 |
|
0 |
|a Mars (Planet)
|
| 651 |
|
0 |
|a Mars (Planet)
|x Exploration.
|
| 830 |
|
0 |
|a Royal Observatory Greenwich illuminates.
|
| 945 |
|
|
|b 695738
|
| 947 |
|
|
|a A14851392911
|
| 948 |
|
|
|a dmitchel 5/17/23 2.20.20
|
| 980 |
|
|
|b print
|c 40031630043
|f NONFIC/B
|g 565714
|k USD
|m 11.30
|q 1
|s AcqMono Conventional
|t Approval plan
|u Vendor order reference number
|v ZYBP
|y Print approval
|z Physical resource
|
| 999 |
f |
f |
|i 1650da0b-edcb-4f2c-9674-1ebc9e987fd6
|s 5452e900-c95f-4f06-bcbf-e46ca25d01a2
|t 0
|
| 952 |
f |
f |
|p normal
|a Texas A&M University
|b College Station
|c Sterling C. Evans Library
|s Evans stk
|d Evans: Library Stacks
|t 0
|e QB641 .S545 2022
|h Library of Congress classification
|i unmediated -- volume
|m A14851392911
|